|
|
|
|
| LEADER |
00000cam a2200000 4500 |
| 001 |
vtls011859154 |
| 003 |
SK-MaSNL |
| 005 |
20260411070040.0 |
| 008 |
250312s1957 xr 000 0 cze |
| 015 |
|
|
|a SNBA1958
|
| 020 |
|
|
|q (viazané)
|
| 035 |
|
|
|a 0E58ECBA-B527-48F0-90B6-C16FA6BDC3F4
|
| 035 |
|
|
|a urn:nbn:sk:snk-am3iaye
|
| 035 |
|
|
|a urn:nbn:sk:snk-am00dioo
|
| 040 |
|
|
|a SNK
|b slo
|c SNK
|e AACR2
|
| 041 |
0 |
|
|a cze
|
| 043 |
|
|
|a e-cs---
|
| 044 |
|
|
|a xr
|c CZ
|
| 072 |
|
7 |
|a 796
|x Šport. Hry. Telesné cvičenia
|2 konspekt
|
| 080 |
|
|
|a 796.034.2
|2 2001
|
| 080 |
|
|
|a 796.411
|2 2011
|
| 080 |
|
|
|a 796.034.2(091)
|2 2001
|
| 080 |
|
|
|a (437)
|2 2011
|
| 080 |
|
|
|a (082.2)
|2 2011
|
| 080 |
|
|
|a (048.8)
|2 2011
|
| 100 |
1 |
|
|a Mucha, Vilém,
|d 1892-1973
|4 aut
|9 1636656
|
| 245 |
1 |
0 |
|a Dějiny dělnické tělovýchovy v Československu
|b (1926-1939)
|n II. díl
|c Vilém Mucha
|
| 250 |
|
|
|a 1. vyd.
|
| 260 |
|
|
|a Praha
|b Sportovní a turistické nakladatelství
|c 1957
|
| 300 |
|
|
|a 422 strán
|b fotografie, ilustrácie, noty, tabuľky
|c 21 cm
|
| 366 |
|
|
|e 3750 kusov
|
| 500 |
|
|
|a Obsahuje poznámky pod čiarou ; prehľad niektorých významných dátumov na strane 393-398 ; skratky na strane 415-416
|
| 504 |
|
|
|a Obsahuje bibliografiu na strane 390-392 ; menný register na strane 399-406 ; vecný register na strane 407-414 ; bibliografické odkazy
|
| 610 |
1 |
7 |
|a Federácia robotníckych telovýchovných jednôt (Československo)
|2 SNKKA
|9 357561
|
| 648 |
|
7 |
|a 1926-1939
|2 SNKPH
|9 357562
|
| 650 |
0 |
7 |
|a telovýchova
|2 SNKPH
|9 1044
|
| 650 |
0 |
7 |
|a spartakiády
|2 SNKPH
|9 3276
|
| 651 |
|
7 |
|a Československo
|2 SNKPHgeo
|9 21376
|
| 655 |
|
7 |
|a monografie
|2 SNKPH
|9 70139
|
| 852 |
|
|
|a Slovenská národná knižnica
|
| 958 |
|
|
|a NB
|
| 958 |
|
|
|a RK
|
| 958 |
|
|
|a TL
|
| 958 |
|
|
|a CZ
|
| 958 |
|
|
|a OND
|
| 999 |
|
|
|c 602221
|d 604151
|
| 952 |
|
|
|a SNK
|b SNK
|y PREZ
|7 0
|p 17A0779671
|o snkSC 5982/2
|i snkKSP1035/58
|0 0
|1 0
|4 0
|d 2019-04-01
|f 1
|l 0
|r 2025-07-04 00:00:00
|w 2026-02-23
|